000
00321nam a22001457a 4500
008
230926b ||||| |||| 00| 0 eng d
020
_a
6854152
041
_a
eng
080
_a
316
082
_a
316ROS
100
_a
24
101
_a
SOCIOLO
245
_a
THE LOGIC OF SURVEY ANALYSIS
_c
ROSENBERG .M
942
_2
udc
_c
BK
999
_c
60399
_d
60399